Normal view
MARC view
- Bates B.J.R
Entry Personal Name
001 - CONTROL NUMBER
- control field: 136073
003 - CONTROL NUMBER IDENTIFIER
- control field: OSt
005 - DATE AND TIME OF LATEST TRANSACTION
- control field: 20230313122544.0
008 - FIXED-LENGTH DATA ELEMENTS
- fixed length control field: 230313|| aca||aabn | a|a d
040 ## - CATALOGING SOURCE
- Original cataloging agency: OSt
- Transcribing agency: OSt
100 ## - HEADING--PERSONAL NAME
- Personal name: Bates B.J.R
670 ## - SOURCE DATA FOUND
- Source citation: Work cat.: (OSt)107684: Bates B.J.R., Disaster Recovery Planning Networks Telecommunications And Data Communications